| 000 | 00634 a2200181 4500 | ||
|---|---|---|---|
| 020 | _a047129411X | ||
| 020 | _a9780471294115 | ||
| 082 | 0 | 4 | _a620.00151535 |
| 090 |
_c1523 _d1523 |
||
| 100 | 1 | _aAinsworth, Mark. | |
| 245 | 1 | 2 |
_aA posterori error estimation in finite element analysis / _cMark Ainsworth, J. Tinsley Oden. |
| 250 | _a1st ed. | ||
| 260 |
_a[S.l.] : _bWiley-Interscience, _c2000. |
||
| 300 |
_a240 p. ; _c24 cm. |
||
| 700 | 1 | _aOden, J. Tinsley. | |
| 942 |
_aSNS _cBK _k620.00151535 AIN |
||
| 999 |
_c30134 _d30134 |
||